000 00575nam a2200241Ia 4500
003 OSt
005 20221005124005.0
006 a|||||r|||| 00| 0
007 ta
008 221004b |||||||| |||| 00| 0 eng d
024 _a67501
037 _cTextual
040 _aCRL
_cCRL
_beng
041 _2eng
_aeng
082 _aV72:2g, H7
110 _aUnited States of America
245 0 _aManual, 1946, etc.
260 _c1947
650 _aHISTORY
700 _aUnited States of America
942 _hV72:2g, H7
_cTEXL
_2cc
999 _c1049130
_d1049130